Statistiques concernant Films avec Jean Gabin

Cliquez ici pour prendre le quiz!

Statistiques générales

  • Ce quiz a été pris 72 fois
  • Le résultat moyen est 9 sur 27

Statistiques - réponses

AnnéeAutres acteursTitre du film% Correct
1956Bourvil - Louis De FunèsLa traversée de Paris
84%
1968Louis De FunèsLe tatoué
69%
1969Alain Delon - Lino VenturaLe clan des siciliens
65%
1971Simone Signoret - Annie CordyLe chat
59%
1962Jean Paul Belmondo - Noël RoquevertUn singe en hiver
59%
1937Michelle MorganLe quai des brumes
49%
1937Pierre Fresnay - Erich Von StroheimLa grande illusion
49%
1968Dany Carrel - André PousseLe pacha
47%
1953René Dary - Lino VenturaTouchez pas au grisbi
39%
1938Simone Simon - Fernand LedouxLa bête humaine
35%
1963Alain Delon - Viviane RomanceMélodie en sous sol
35%
1973Alain DelonDeux hommes dans la ville
33%
1961Françoise Rosay - Bernard BlierLe cave se rebiffe
33%
1960Pierre Fresnais - Noël NoëlLes vieux de la vieille
29%
1939Jules Berry - ArletyLe jour se lève
29%
1960Bernard BlierLe Président
25%
1962Madeleine Robinson - Louis De FunèsLe gentleman d'Epsom
25%
1938Mireille BalinPépé le Moko
24%
1973Victor LanouxL'affaire Dominici
20%
1955Magali Noël - Paul FrankeurRazzia sur la chnouf
18%
1958Darry Cowl - Bernard Blier - Jacqueline MaillanArchimède le clochard
16%
1957Danièle Delorme - Bernard BlierLes misérables
16%
1970Danièle Ajoret - Michel BarbeyLa horse
14%
1974Sophia LorenVerdict
12%
1976Jean Claude Brialy - Danielle DarrieuxL'année sainte
12%
1960Micheline PresleLe baron de l'écluse
4%
1966Liselotte PulverLe jardinier d'Argenteuil
0%

Distribution des résultats

Percentile par nombre de réponses

% des personnes avec chaque résultat

Votre développement - résultats

Vous n’avez pas pris ce quiz